|
|
|
|
| LEADER |
00000nab#a22000007a#4500 |
| 001 |
arbauad026858 |
| 003 |
AR-BaUAD |
| 005 |
20250711112217.0 |
| 008 |
970516|||||||||###||||||b###|0###a|spa|| |
| 040 |
|
|
|a AR-BaUAD
|c AR-BaUAD
|b spa
|
| 100 |
|
|
|a Aynsley, Jeremy
|
| 245 |
|
|
|a The modernist body :
|b body politics 2 /
|c Jeremy Aynsley;
|
| 300 |
0 |
|
|b fot.
|
| 500 |
|
|
|a Análisis sobre el uso de la figura humana en el diseño gráfico alemán a través de la historia.
|
| 653 |
|
|
|a DISEÑO GRAFICO
|
| 653 |
|
|
|a HISTORIA
|
| 653 |
|
|
|a ALEMANIA
|
| 653 |
|
|
|a AFICHES
|
| 653 |
|
|
|a TAPAS DE REVISTAS
|
| 653 |
|
|
|a CUERPO HUMANO
|
| 773 |
0 |
|
|t EYE
|g no. 24 [1997], p. 56-63
|
| 942 |
|
|
|c ARTI
|
| 952 |
|
|
|0 0
|1 0
|4 0
|7 0
|9 71777
|a AR-BAuAD
|b AR-BAuAD
|d 2025-07-11
|l 0
|p AAQA026858
|r 2025-07-11 11:22:17
|w 2025-07-11
|y ARTI
|
| 990 |
|
|
|a DG199
|b TD
|
| 998 |
|
|
|a AAQ
|b BIBUN76
|
| 999 |
|
|
|c 51450
|d 51450
|